• 首页
  • 本馆介绍
  • 公告通知
  • 最新文献
  • 馆藏检索
  • 电子资源
  • 读者导购
  • 参考咨询
  • 我的图书馆
  • 登录
  • 详细信息显示
  • 放入我的书架
  • 预约/预借图书
  • 作者相关作品
  • 分类相关作品
  • 丛书相关作品
  • 出版社相关作品

书目信息

  • 表格格式
  • 工作单格式
  • 卡片格式
题名:
孕妈妈睡前5分钟胎教故事
    
 
作者: 阿淼妈妈 编著
分册:  
出版信息: 福州   福建科学技术出版社  2021.01
页数: 230页
开本: 21cm
丛书名:
单 册:
中图分类: G610.8 , I18
科图分类:
主题词: 胎教--基本知识 , 儿童故事--作品集--世界
电子资源:
ISBN: 978-7-5335-6154-3
000 00706nam0 2200241 450
001 012001000518
005 20141201150320.0
010    @a978-7-5335-6154-3@dCNY39.00
100    @a20220905d2021 em y0chiy50 ea
101 0  @achi@aeng
102    @aCN@b350000
105    @aa z 000fy
106    @ar
200 1  @a孕妈妈睡前5分钟胎教故事@Ayun ma ma shui qian 5fen zhong tai jiao gu shi@f阿淼妈妈编著
210    @a福州@c福建科学技术出版社@d2021.01
215    @a230页@c彩图@d21cm
606 0  @a胎教@x基本知识
606 0  @a儿童故事@x作品集@y世界
690    @aG610.8@v5
690    @aI18@v5
701  0 @a阿淼妈妈@Aa miao ma ma@4编著
801  0 @aCN@bAHXH@c20221111
905    @b1362230-4@dG610.8@e2867@f5
    
    孕妈妈睡前5分钟胎教故事/阿淼妈妈编著.-福州:福建科学技术出版社,2021.01
    230页:彩图;21cm
    
    
    ISBN 978-7-5335-6154-3:CNY39.00
    
●
相关链接 在E读中查询图书 在五车中查询图书 在当当中查询图书 在豆瓣中查询图书


正题名:孕妈妈睡前5分钟胎教故事     索取号:G610.8/2867         预约/预借

序号 登录号 条形码 馆藏地/架位号 状态 备注
1 1362230   213622301   第一样本阅览室/ [索取号:G610.8/2867] 在馆    
2 1362231   213622310   教育系资料室/ [索取号:G610.8/2867] 在馆    
3 1362232   213622329   教育系资料室/ [索取号:G610.8/2867] 在馆    
4 1362233   213622338   第四借阅区/ [索取号:G610.8/2867] 在馆    
5 1362234   213622347   第四借阅区/ [索取号:G610.8/2867] 在馆    
唐山师范学院图书馆 欢迎您!
大连网信软件有限公司© 版权所有